000 00857nam a22002177a 4500
005 20150513150325.0
008 140714b xxu||||| |||| 00| 0 Urdu d
010 _aUR-8898
020 _c100.00
035 _aU-7453
037 _bBPPD/Pub/Ven
040 _aDPL
_bUrdu
082 _a840.08
100 _aمو لف:محمد شر ف الد ين سا حل
245 _aغمگين نا گپو ر ی:فا ر سی کا ايک گمنا م شا عرا و ر ا نشا پر د ا ز
_cمو لف:محمد شر ف الد ين سا حل
246 _a‏Ghamgeen Nagpuri:Farsi ka ek gumname shaeraur inshapardaz
_bDr. M.Sharfuddin Sahil
260 _bAleem Printers,
_c2012
_aNagpur
270 _aAleem Printers,Haideri Road, Momin Pura
_bNagpur
_k07276006332
_e440018
300 _a128ص
_c22Cm (Hb)
942 _2ddc
_cUR
_e
_h840.08
_mم ح م
999 _c93561
_d93561